| 000 | 01124nas a2200373 4500 | ||
|---|---|---|---|
| 001 | BR2012009216 | ||
| 003 | BR-BrBNA | ||
| 005 | 20231205121553.0 | ||
| 007 | ta | ||
| 008 | 230509b bl.|||p| |||| 00| 00por d | ||
| 040 |
_aBR-BrBNA _bpor _cBiblioteca Nacional de Agricultura |
||
| 041 | _a(Pt) | ||
| 072 | _aL52; L02 | ||
| 100 | 1 | _aMedeiros, L.F.D. | |
| 100 | 1 | _aVieira, D.H. | |
| 100 | 1 | _aPassos, N.C. | |
| 100 | 1 | _aPatrício, P.M.P. | |
| 100 | 1 | _aSouza, D.C. de | |
| 100 | 1 | _aCosta, E.C.X. da | |
| 100 | 1 | _aYogui, E.K. | |
| 100 | 1 | _aFonseca, M.V. da | |
| 245 | 1 | _aEstudo do crescimento de cabritos mestiços na região metropolitana no estado do Rio de Janeiro | |
| 650 | _aCABRITO | ||
| 650 | _aPERFORMANCE | ||
| 650 | _aCRUZAMENTO ANIMAL | ||
| 650 | _aGANHO DE PESO | ||
| 650 | _aMORTALIDADE ANIMAL | ||
| 650 | _aCRIAÇÃO INTENSIVA | ||
| 650 | _aMÉTODO | ||
| 650 | _aRIO DE JANEIRO | ||
| 773 | 0 |
_tRevista Brasileira de Medicina Veterinária (Brazil) _xISSN 0100-2430 _g(Jan-Mar 2012), v. 34(1) p. 35-46 _wBR2012009216 |
|
| 909 |
_a202311 _bLúcia _c55 _dLúcia Elande |
||
| 942 |
_2AGRIS _n0 _cANA |
||
| 999 |
_c224174 _d224174 |
||